000
00267nam a2200097Ia 4500
082
_a
J 629.228 MART
245
0
_a
The world's fastest cars
100
_a
MARTIN, Michael Mankato, Minn., 2006
_9
63876
942
_c
BK
008
210817s9999 xx 000 0 und d
999
_c
202902
_d
202901